000 00719nam a2200289Ia 4500
005 20260324124544.0
008 008 260324s9999 xx 000 0 eng d
020 _a9781315593173
037 _aEBOOK
040 _aCRL
040 _beng
040 _cCRL
041 _2eng
041 _aeng
084 _qCRL
100 _aEmily S. Patterson; Janet E. Miller
_91174607
245 0 _aMacrocognition Metrics and Scenarios
245 0 _bDesign and Evaluation for Real-World Teams
260 _bTaylor and Francis
260 _c2010
365 _a
365 _b370
856 _uhttp://www.taylorfrancis.com/books/9781315593173
942 _cEBOOK
999 _c1769078
_d1769078